000 00658nam a2200277Ia 4500
005 20260324151012.0
008 008 260324s9999 xx 000 0 eng d
020 _a9780429463747
037 _aEBOOK
040 _aCRL
040 _beng
040 _cCRL
041 _2eng
041 _aeng
084 _qCRL
100 _aF. Muller-Lyer; E.C. Lake; H.A. Lake
_91228382
245 4 _aThe History of Social Development
260 _bTaylor and Francis
260 _c1920
365 _a
365 _b205
856 _uhttp://www.taylorfrancis.com/books/9780429463747
942 _cEBOOK
999 _c1838772
_d1838772